000
00338nam a2200133Ia 4500
008
240624s9999 xx 000 0 und d
041
_a
eng
082
_a
330.954 SET
100
_a
SETH VIJAY K
245
_a
ASCENT AND DECLINE OF NATIVE AND COLONIA
260
_c
2019
_a
New Delhi
_b
Sage
300
_a
x, 302 p.; 23 cm.
365
_c
RS
_b
35
999
_c
31652
_d
31652